000
00233 a2200097 4500
001
51875
100
_a
Harker R J
245
_a
Generalized Methods of Vibration Analysis
260
_a
New York
_b
John Wiley
_c
090
_c
32764
_d
32764
942
_a
NUST-CAE
_c
M
_c
25296
999
_c
286948
_d
286948